00476nam a22001457a 450000500170000000800410001702000280005804100130008608200140009910000590011324500640017226000360023630000330027265000250030520231106081744.0231106b |||||||| |||| 00| 0 eng d a0409019623 ; 0409019631 aEnglish  a346.6 BOT aBotha, DH, Oosthuizen, MJ and De La Rey, EM lEnglish  aCorporate Law /cDH Botha, MJ Oosthuizen and EM De La Rey  aDurban : bButterworths, c1987 bxiv, 660 pages ;c25, 5 cm.  aLegal practice bLaw